| 000 | 00598nam a2200241Ia 4500 | ||
|---|---|---|---|
| 005 | 20250425162033.0 | ||
| 008 | 250425s9999 xx 000 0 und d | ||
| 020 | _a843296610X | ||
| 041 | _aspa | ||
| 082 | _a621.38 | ||
| 100 | _aWILSON, F.A. | ||
| 245 | 0 | _aELEMENTOS DE ELECTRONICA: TELECOMUNICACION | |
| 250 | _a1A ED. | ||
| 260 | _aBARCELONA | ||
| 260 |
_aEspaña _bCEAC _c1982 |
||
| 300 | _a268 | ||
| 650 | _aLINEAS DE TRANSMISION | ||
| 650 | _aPROCESAMIENTO DE SEÑALES | ||
| 650 | _aSISTEMAS DE TRANSMISION | ||
| 650 | _aTELECOMUNICACIONES | ||
| 942 | _c01 | ||
| 010 | _a41729 | ||
| 999 |
_c221080 _d221080 |
||